000 00194 a2200109 4500
020 _a9780340634820
041 _aeng
100 _aMick Inrpen
245 _aWeather
942 _cBK
952 _71
999 _c18804
_d18804